00910nam a2200217 a 450000100060000000300080000600500170001400800410003103500190007204000350009104100080012608200250013410000270015924501740018626000880036030000420044850200930049050400320058365000430061570000340065884329BD-RjUL20241119163727.0241119s2023 bg a|||| m||| 00| 0 eng d a(BD-RjUL)84329 aBD-RjULbengcBD-RjULdBD-RjUL aeng 223a371.35bPEE 2023 aPERVEZ, MASUD MOHAMMAD10aEXPLORING THE QUALITY OF STUDENTS` SUPPORT SERVICES IN DISTANCE EDUCATION : bA STUDY ON BANGLADESH OPEN UNIVERSITY /cMASUD MOHAMMAD PERVEZ6Supervisor : Md. Salim Reza aRajshahi :bInstitute of Education and Research (IER), University of Rajshahic2023 a[1], xiv, 231 leaves :bill.;c29 cm. aThesis (Ph.D.) -- Institute of Education and Research (IER), University of Rajshahi,2023 aReferences : Leaves 100-107 aDistance educationvStudentsxServices aReza, Md. Salim, Supervisor